University Home | Library Home | Institutional Repository

A diplomacia do imperio. (Record no. 68179)

MARC details
000 -LEADER
fixed length control field 00669cam6a220020500 4500
001 - CONTROL NUMBER
control field tmp15220819
003 - CONTROL NUMBER IDENTIFIER
control field UPRA
005 - DATE AND TIME OF LATEST TRANSACTION
control field 20190815105558.0
008 - FIXED-LENGTH DATA ELEMENTS--GENERAL INFORMATION
fixed length control field 950718s1943 po por u
035 ## - SYSTEM CONTROL NUMBER
System control number (Sirsi) r78922
035 ## - SYSTEM CONTROL NUMBER
System control number (UPRA)tmp15220819
040 ## - CATALOGING SOURCE
Transcribing agency UPRA
050 #0 - LIBRARY OF CONGRESS CALL NUMBER
Classification number DP 556 Lav 1943
100 1# - MAIN ENTRY--PERSONAL NAME
Titles and words associated with a name Marques do.
Linkage A38674.1
245 12 - TITLE STATEMENT
Title A diplomacia do imperio.
260 ## - PUBLICATION, DISTRIBUTION, ETC.
Place of publication, distribution, etc. [Lisboa] :
Name of publisher, distributor, etc. Divis~ao de Publicac~oes e Biblioteca, Agencia Geral das Colonias,
Date of publication, distribution, etc. 1943.
651 #0 - SUBJECT ADDED ENTRY--GEOGRAPHIC NAME
Geographic name Portugal -- Foreign relations.
General subdivision Portugal -- Foreign relations.
Linkage S30516.1
949 ## - LOCAL PROCESSING INFORMATION (OCLC)
a DP 556 Lav 1943
w lcc
c 1
i 33729000045398
m MAIN
p 2500
t BOOK
l ON-SHELF

No items available.

© 2026 - The University of Zambia Library - Koha v25.11